Loading...
| Literature - American | 0 | 8 | 0 | 0 | 80 | 25 | 61.13 | 2 | 8 | 0.00 | 0.00 |
| Religion | 0 | 7 | 0 | 1 | 70 | 11 | 50.86 | 2 | 5 | 0.00 | 0.00 |
| Literature - European | 0 | 7 | 0 | 2 | 70 | 53 | 78.57 | 2 | 4 | 0.00 | 0.00 |
| Science - Biology | 0 | 5 | 0 | 0 | 50 | 19 | 43.80 | 1 | 5 | 0.00 | 0.00 |
| Philosophy | 0 | 4 | 0 | 0 | 40 | 40 | 60.75 | 0 | 2 | 0.00 | 0.00 |
| Literature - World | 0 | 5 | 2 | 0 | 40 | 38 | 58.40 | 4 | 5 | 0.00 | 0.00 |
| Fine Arts - Painting and Sculpture | 0 | 4 | 1 | 1 | 35 | 49 | 70.75 | 1 | 4 | 0.00 | 0.00 |
| Science - Chemistry | 0 | 3 | 0 | 1 | 30 | 21 | 67.33 | 1 | 1 | 0.00 | 0.00 |
| Fine Arts - Other | 0 | 3 | 1 | 1 | 25 | 73 | 82.33 | 0 | 3 | 0.00 | 0.00 |
| Social Science | 0 | 2 | 1 | 0 | 15 | 84 | 91.50 | 0 | 0 | 0.00 | 0.00 |
| History - American | 0 | 2 | 1 | 1 | 15 | 35 | 68.50 | 0 | 1 | 0.00 | 0.00 |
| Science - Other | 0 | 2 | 1 | 1 | 15 | 74 | 76.00 | 0 | 0 | 0.00 | 0.00 |
| Fine Arts - Classical Music | 0 | 1 | 0 | 1 | 10 | 126 | 126.00 | 0 | 0 | 0.00 | 0.00 |
| Popular Culture | 0 | 1 | 0 | 0 | 10 | 109 | 109.00 | 0 | 1 | 0.00 | 0.00 |
| History - World | 0 | 1 | 0 | 0 | 10 | 50 | 50.00 | 0 | 0 | 0.00 | 0.00 |
| Literature - British | 0 | 1 | 1 | 0 | 5 | 72 | 72.00 | 0 | 0 | 0.00 | 0.00 |
| Mythology | 0 | 1 | 1 | 0 | 5 | 38 | 38.00 | 0 | 1 | 0.00 | 0.00 |
| History - Other | 0 | 0 | 1 | 0 | -5 | 0.00 | 0 | 0 | 0.00 | 0.00 | |
| Science - Physics | 0 | 0 | 1 | 0 | -5 | 0.00 | 0 | 0 | 0.00 | 0.00 | |
| Geography | 0 | 0 | 1 | 0 | -5 | 0.00 | 0 | 0 | 0.00 | 0.00 |